[Event "World Amateur-ch U2000"]
[Site "Cagliari"]
[Date "2018.04.27"]
[Round "7"]
[White "Alshourfaa, Hazaa"]
[Black "Ruju, Nicola"]
[Result "1-0"]
[WhiteElo "1790"]
[BlackElo "1940"]
[PlyCount "81"]
[EventDate "2018.04.22"]
[EventType "swiss"]
[EventRounds "9"]
[EventCountry "ITA"]
[SourceTitle "CBM 184 Extra"]
[Source "ChessBase"]
[SourceDate "2018.06.28"]
[SourceVersion "1"]
[SourceVersionDate "2018.06.28"]
[SourceQuality "1"]

1. e4 c5 2. Nf3 Nc6 3. d4 cxd4 4. Nxd4 Nf6 5. Nc3 e5 6. Ndb5 d6 7. Bg5 a6 8. Na3 b5 9. Nd5 Be7 10. Nxe7 Nxe7 11. Bxf6 gxf6 12. Qd2 Bb7 13. f3 d5 14. exd5 Nxd5 15. 0-0-0 Nf4 16. Qb4 Qb6 17. Nc4 a5 18. Nxb6 axb4 19. Nxa8 Bxa8 20. Bxb5+ Ke7 21. Rd7+ Ke6 22. Rhd1 Bd5 23. g3 Rb8 24. Ba4 Ne2+ 25. Kb1 Nd4 26. f4 Ra8 27. Rxd5 Kxd5 28. Bb3+ Ke4 29. Bxf7 Rc8 30. fxe5 Kxe5 31. Re1+ Kf5 32. Rf1+ Ke4 33. Re1+ Kf5 34. Bd5 h6 35. Re3 Rd8 36. Be4+ Ke6 37. c3 bxc3 38. bxc3 Nb5 39. Kc2 Rc8 40. g4 Nd6 41. Bd3+ 1-0

[Event "World Amateur-ch U2000"]
[Site "Cagliari"]
[Date "2018.04.23"]
[Round "3"]
[White "Fanha, Paulo Alexandre Mar"]
[Black "Ruju, Nicola"]
[Result "0-1"]
[WhiteElo "1853"]
[BlackElo "1940"]
[PlyCount "212"]
[EventDate "2018.04.22"]
[EventType "swiss"]
[EventRounds "9"]
[EventCountry "ITA"]
[SourceTitle "CBM 184 Extra"]
[Source "ChessBase"]
[SourceDate "2018.06.28"]
[SourceVersion "1"]
[SourceVersionDate "2018.06.28"]
[SourceQuality "1"]

1. d4 Nf6 2. Bf4 g6 3. Nc3 d5 4. e3 Bg7 5. Be2 0-0 6. h4 c5 7. h5 Nc6 8. hxg6 fxg6 9. Nf3 Nh5 10. Be5 Nxe5 11. Nxe5 Nf6 12. Bf3 Be6 13. Qd2 Qa5 14. 0-0-0 Rfd8 15. Kb1 Rac8 16. Nxd5 Qa6 17. Nxe7+ Kf8 18. N7xg6+ hxg6 19. Nxg6+ Kg8 20. d5 Rc7 21. Nf4 Bf5 22. e4 Nxe4 23. Bxe4 Bxe4 24. d6 Rcd7 25. Qe3 Qb6 26. Qb3+ Qxb3 27. axb3 Rxd6 28. Rde1 Bf5 29. Rh5 Rd1+ 30. Rxd1 Rxd1+ 31. Ka2 Bxc2 32. Ne6 Bb1+ 33. Ka3 Bg6 34. Rxc5 Ra1+ 35. Kb4 Bxb2 36. Rc8+ Kf7 37. Nd8+ Kg7 38. Rc7+ Kh6 39. Rxb7 a5+ 40. Kb5 Bd3+ 41. Kc5 Rc1+ 42. Kd5 Rd1 43. Nf7+ Kh5 44. Rc7 Bf5+ 45. Kc5 Rc1+ 46. Kb6 Rxc7 47. Kxc7 Be6 48. Nd8 Bxb3 49. Nb7 a4 50. Nc5 Bd4 51. Nxa4 Bxa4 52. f3 Be5+ 53. Kb6 Bg3 54. Kc5 Kg5 55. Kd5 Kf4 56. Kd4 Bb5 57. Kc3 Bf1 58. Kd4 Bxg2 59. Kd5 Bxf3+ 60. Kd4 Kf5 61. Ke3 Bg4 62. Kd4 Bf4 63. Kd5 Bf3+ 64. Kd4 Be4 65. Kc5 Ke5 66. Kc4 Be3 67. Kc3 Kd5 68. Kb4 Bd4 69. Kb5 Bc5 70. Ka4 Kc4 71. Ka5 Bc6 72. Ka6 Kd5 73. Ka5 Kd6 74. Ka6 Kc7 75. Ka5 Be8 76. Ka6 Bb4 77. Ka7 Kc6 78. Kb8 Ba5 79. Kc8 Bd7+ 80. Kb8 Bc7+ 81. Ka8 Be6 82. Ka7 Bc4 83. Ka8 Ba6 84. Ka7 Bc8 85. Ka8 Bb7+ 86. Ka7 Bb6+ 87. Kb8 Ba5 88. Ka7 Bc8 89. Kb8 Bg4 90. Ka7 Bd8 91. Ka6 Be2+ 92. Ka7 Ba5 93. Kb8 Kd7 94. Kb7 Bb5 95. Kb8 Ba6 96. Ka7 Bb5 97. Kb7 Bd8 98. Kb8 Ba6 99. Ka7 Bc8 100. Kb8 Bb6 101. Ka8 Ba6 102. Kb8 Kc6 103. Ka8 Bc5 104. Kb8 Kb6 105. Ka8 Bb7+ 106. Kb8 Bd6# 0-1